Política exterior y relaciones internacionales / (Registro nro. 5260)

Detalles MARC
000 -LEADER
fixed length control field 01200nam a2200265Ia 4500
003 - CONTROL NUMBER IDENTIFIER
control field OSt
005 - DATE AND TIME OF LATEST TRANSACTION
control field 20200504155910.0
008 - FIXED-LENGTH DATA ELEMENTS--GENERAL INFORMATION
fixed length control field 191128s2009 ck gr 000 0 spa d
020 ## - INTERNATIONAL STANDARD BOOK NUMBER
International Standard Book Number 9789587380033
040 ## - CATALOGING SOURCE
Original cataloging agency CO-JMCR
Transcribing agency CO-JMCR
041 0# - LANGUAGE CODE
Language code of text/sound track or separate title spa
082 04 - DEWEY DECIMAL CLASSIFICATION NUMBER
Classification number 327 /
Item number T696p
Edition number 23
100 1# - MAIN ENTRY--PERSONAL NAME
Personal name Torrijos Rivera, Vicente,
Relator term autor
9 (RLIN) 3882
245 10 - TITLE STATEMENT
Title Política exterior y relaciones internacionales /
Statement of responsibility, etc. Vicente Torrijos Rivera
250 ## - EDITION STATEMENT
Edition statement Primera edición
260 ## - PUBLICATION, DISTRIBUTION, ETC.
Place of publication, distribution, etc. Bogotá :
Name of publisher, distributor, etc. Universidad del Rosario,
Date of publication, distribution, etc. 2009
300 ## - PHYSICAL DESCRIPTION
Extent 378 páginas ;
Dimensions 24 cm.
505 0# - FORMATTED CONTENTS NOTE
Formatted contents note ¡Todo el poder a los soviets! : partido y pluralismo en la Unión Sovietica -- 33 tesis sobre un nuevo orden después de la guerra -- Europa: ¿gigante económico y enano político-militar? -- Un mundo de cosas por hacer
520 ## - SUMMARY, ETC.
Summary, etc. La actividad intelectual tiene a la diversidad como condición, muchas perspectivas que se pueden combinar en las mentes de los lectores, así como en la mente del autor, produciendo nuevas perspectivas.
650 14 - SUBJECT ADDED ENTRY--TOPICAL TERM
Topical term or geographic name entry element Relaciones internacionales
9 (RLIN) 3476
650 14 - SUBJECT ADDED ENTRY--TOPICAL TERM
Topical term or geographic name entry element Política exterior
9 (RLIN) 3477
650 14 - SUBJECT ADDED ENTRY--TOPICAL TERM
Topical term or geographic name entry element Ralaciones exteriores
9 (RLIN) 3883
650 14 - SUBJECT ADDED ENTRY--TOPICAL TERM
Topical term or geographic name entry element Terrorismo
9 (RLIN) 3204
942 ## - ADDED ENTRY ELEMENTS (KOHA)
Source of classification or shelving scheme Dewey Decimal Classification
Koha item type Books
Existencias
Withdrawn status Lost status Source of classification or shelving scheme Damaged status Not for loan Collection code Home library Current library Date acquired Source of acquisition Cost, normal purchase price Total Checkouts Full call number Barcode Date last seen Copy number Koha item type
    Dewey Decimal Classification     Non-fiction Biblioteca Pública José María del Castillo y Rada Biblioteca Pública José María del Castillo y Rada 04/15/2018 Donación 0.00   327 / T696p 430001590 05/16/2024 Ej.1 Books